Rise and Fall of Hindu Woman (Record no. 224116)
[ view plain ]
| 000 -LEADER | |
|---|---|
| fixed length control field | 00626nam a22002297a 4500 |
| 005 - DATE AND TIME OF LATEST TRANSACTION | |
| control field | 20220722143445.0 |
| 008 - FIXED-LENGTH DATA ELEMENTS--GENERAL INFORMATION | |
| fixed length control field | 220722b ||||| |||| 00| 0 eng d |
| 040 ## - CATALOGING SOURCE | |
| Transcribing agency | AL |
| 041 ## - LANGUAGE CODE | |
| Language code of text/sound track or separate title | English |
| 082 ## - DEWEY DECIMAL CLASSIFICATION NUMBER | |
| Edition number | 23 |
| Classification number | 305.4869 |
| Item number | AMBR |
| 100 ## - MAIN ENTRY--PERSONAL NAME | |
| Personal name | B R Ambedkar |
| 100 ## - MAIN ENTRY--PERSONAL NAME | |
| 9 (RLIN) | 52733 |
| 245 ## - TITLE STATEMENT | |
| Title | Rise and Fall of Hindu Woman |
| 250 ## - EDITION STATEMENT | |
| Edition statement | 4. |
| 260 ## - PUBLICATION, DISTRIBUTION, ETC. | |
| Place of publication, distribution, etc. | Jalandhar |
| Name of publisher, distributor, etc. | Bheem Patrika Publications |
| Date of publication, distribution, etc. | 1988 |
| 300 ## - PHYSICAL DESCRIPTION | |
| Extent | 32 p. |
| Other physical details | PB |
| Dimensions | 18.5x12.2 cm. |
| 650 ## - SUBJECT ADDED ENTRY--TOPICAL TERM | |
| Topical term or geographic name entry element | Hindu women |
| 9 (RLIN) | 52734 |
| 650 ## - SUBJECT ADDED ENTRY--TOPICAL TERM | |
| Topical term or geographic name entry element | Women in Buddhism |
| 9 (RLIN) | 52735 |
| 650 ## - SUBJECT ADDED ENTRY--TOPICAL TERM | |
| Topical term or geographic name entry element | Women in Hinduism |
| 9 (RLIN) | 52736 |
| 650 ## - SUBJECT ADDED ENTRY--TOPICAL TERM | |
| Topical term or geographic name entry element | India |
| 9 (RLIN) | 52737 |
| 700 ## - ADDED ENTRY--PERSONAL NAME | |
| Personal name | AMBEDKAR (B R) |
| 9 (RLIN) | 52738 |
| 942 ## - ADDED ENTRY ELEMENTS (KOHA) | |
| Source of classification or shelving scheme | Dewey Decimal Classification |
| Koha item type | George Fernandes Collections |
| Withdrawn status | Lost status | Source of classification or shelving scheme | Damaged status | Not for loan | Collection code | Home library | Current library | Date acquired | Total Checkouts | Full call number | Barcode | Date last seen | Price effective from | Koha item type |
|---|---|---|---|---|---|---|---|---|---|---|---|---|---|---|
| Dewey Decimal Classification | Sociology | St Aloysius Library | St Aloysius Library | 03/23/2013 | 305.4869 AMBR | GF01202 | 07/22/2022 | 07/22/2022 | George Fernandes Collections |